Emergence of Civil Society and the Right- Based Approach to Development in India / (Record no. 36544)

MARC details
000 -LEADER
fixed length control field 00464nam a2200133Ia 4500
008 - FIXED-LENGTH DATA ELEMENTS--GENERAL INFORMATION
fixed length control field 220512s9999 xx 000 0 eng d
100 ## - MAIN ENTRY--PERSONAL NAME
Personal name Padhi, Rajashree
245 #0 - TITLE STATEMENT
Title Emergence of Civil Society and the Right- Based Approach to Development in India /
Statement of responsibility, etc. Padhi, Rajashree and Sahu, Samanta
260 ## - PUBLICATION, DISTRIBUTION, ETC.
Place of publication, distribution, etc. Hyderabad :
Name of publisher, distributor, etc. Institute of Public Enterprise, O U Campus,
Date of publication, distribution, etc. Jun-05
500 ## - GENERAL NOTE
General note Working Paper 62
546 ## - LANGUAGE NOTE
Language note English
700 ## - ADDED ENTRY--PERSONAL NAME
Personal name Sahu, Samanta
942 ## - ADDED ENTRY ELEMENTS (KOHA)
Koha item type Research Papers
Holdings
Withdrawn status Lost status Damaged status Not for loan Collection code Home library Current library Date acquired Total Checkouts Barcode Date last seen Price effective from Koha item type
        Working Papers NASSDOC Library NASSDOC Library 12/05/2022   P797 12/05/2022 12/05/2022 Research Papers